A Textbook of Management of Nursing Services & Education / (Record no. 38)

MARC details
000 -LEADER
Fixed length control field 00568nam a2200205Ia 4500
003 - CONTROL NUMBER IDENTIFIER
Control field IIN
005 - DATE AND TIME OF LATEST TRANSACTION
Control field 20240201123939.0
008 - FIXED-LENGTH DATA ELEMENTS--GENERAL INFORMATION
Fixed length control field 231217s9999 xx 000 0 und d
020 ## - INTERNATIONAL STANDARD BOOK NUMBER / ISBN
Price Rs.515.00
International Standard Book Number 9789381390139
040 ## - CATALOGING SOURCE
Original cataloging agency IIN
Language of cataloging English
082 ## - DEWEY DECIMAL CLASSIFICATION NUMBER
Classification number 610.730711
Book Number KUM
100 1# - MAIN ENTRY--PERSONAL NAME
Personal name Kumari, Neelam
245 #2 - TITLE STATEMENT
Title A Textbook of Management of Nursing Services & Education /
Statement of responsibility Neelam Kumari
250 ## - EDITION STATEMENT
Edition statement 5th ed
260 ## - IMPRINT
Name of publisher PV
Place of publication Jalandhar
Date of publication 2015
300 ## - PHYSICAL DESCRIPTION
Page / Vol. No 503 p.
650 1# - SUBJECT ADDED ENTRY--TOPICAL TERM
Topical term Management
Form subdivision Nursing Services
650 1# - SUBJECT ADDED ENTRY--TOPICAL TERM
Topical term Education
Form subdivision Nursing Services
942 ## - ADDED ENTRY ELEMENTS (KOHA)
Koha item type Books
Holdings
Withdrawn status Lost status Source of classification Damaged status Not for loan Collection code Home library Current library Date acquired Price Total Checkouts Call number Accession number Date last seen Price effective from Koha item type Shelving location
    Dewey Decimal Classification       IDEAL INSTITUTE OF NURSING IDEAL INSTITUTE OF NURSING 17/12/2023 515.00   610.730711 KUM 33 17/12/2023 17/12/2023 Books  
    Dewey Decimal Classification       IDEAL INSTITUTE OF NURSING IDEAL INSTITUTE OF NURSING 17/12/2023 515.00   610.730711 KUM 34 17/12/2023 17/12/2023 Books  
    Dewey Decimal Classification     Purches Book IDEAL INSTITUTE OF NURSING IDEAL INSTITUTE OF NURSING 11/03/2025     610.730711 KUM 1905 28/04/2025 28/04/2025 Books General Stacks
© Ideal Institute Of Nursing, All rights reserved.         Powered by Koha